000 00483nam a22001817a 4500
003 BUBTL
008 221121b ||||| |||| 00| 0 eng d
082 _a808.2/ Ar46p
100 _94954
_aAristotle
245 _aPoetics/
_cAristotle
250 _a1st Edn.
300 _a74 p.:
_c17 cm
505 _aPoetics, Aristotle, English
650 0 _91994
_aEnglish Literature
856 _k0
_l0
_yDownload
942 _2ddc
_cBK
999 _c6828
_d6828